Declaración del Presidente de la Diputación de Barcelona D. José Mª de Muller y de Abadal en la Sesión Plenaria de la Corporación Provincial del día 24 de febrero
Descripción Física:
22 pàgines ; 24 cm
MARC
| LEADER | 00000nam a2200000Ia 4500 | ||
|---|---|---|---|
| 001 | 2167 | ||
| 008 | 160829s1970 xx 000 0 cat d | ||
| 080 | |a FU-5-26 | ||
| 110 | 1 | |a Barcelona (Catalunya : Província). |b President (1967-1973 : Muller) |9 54359 | |
| 245 | |a Declaración del Presidente de la Diputación de Barcelona D. José Mª de Muller y de Abadal en la Sesión Plenaria de la Corporación Provincial del día 24 de febrero | ||
| 260 | |a Barcelona : |b Diputación Provincial de Barcelona, |c 1970 | ||
| 300 | |a 22 pàgines ; |c 24 cm | ||
| 610 | 1 | 0 | |9 52771 |a Barcelona (Catalunya : Província). |b Diputació |x Presidents |
| 650 | 0 | |a Discursos castellans |9 54360 | |
| 710 | 1 | |a Barcelona (Catalunya : Província). |b Diputació |9 52408 | |
| 901 | |a Arxiu | ||
| 942 | |n 1 |2 udc | ||
| 952 | |0 0 |1 0 |4 0 |6 FU526 |7 1 |9 44973 |a Arxiu |b Arxiu |d 2016-12-01 |l 0 |o FU-5-26 |p 2167 |r 2016-12-01 00:00:00 |w 2016-12-01 |y ARXIU | ||
| 952 | |0 0 |1 0 |4 0 |6 PDL |7 1 |9 63730 |a Arxiu |b Arxiu |d 2022-09-02 |o PDL |p 26651 |r 2022-09-02 00:00:00 |w 2022-09-02 |y ARXIU | ||
| 999 | |c 47576 |d 47576 | ||